| 000 | 00556nam a2200145 a 4500 | ||
|---|---|---|---|
| 008 | 120416s1979 ||||||||||||||||| || u | ||
| 050 | _aHT 395.G7 Reg | ||
| 100 | _aParr, John B | ||
| 245 | 1 | 0 |
_aRegional policy: past experience and new directions _cedited by Duncan Maclennan |
| 260 |
_aLondon _bM. Robertson _c1979 |
||
| 300 | _axviii, 334p. : ill | ||
| 350 | _a0.00 | ||
| 700 | _aMaclennan, Duncan | ||
| 995 |
_D0.00 _FCBU-MAIN LIBRARY (Kitwe) _H1 _I0.00 _UAVAILABLE _ZAnnex Low-Usage Collection |
||
| 999 |
_c55924 _d55924 |
||